| 000 | 00398pab a2200157 454500 | ||
|---|---|---|---|
| 008 | 180718b2009 xxu||||| |||| 00| 0 eng d | ||
| 100 | _aSachchidananda | ||
| 245 | _aWhy people protest: analysing ecological movements (a review article) | ||
| 260 | _c2009 | ||
| 300 | _ap.279-95. | ||
| 362 | _aApr-Jun | ||
| 650 | _aEcology | ||
| 773 | _aEastern Anthropologist | ||
| 908 | _aN | ||
| 909 | _a85157 | ||
| 999 |
_c85157 _d85157 |
||